000 01669cam a2200445Ia 4500
001 51072905
003 OCoLC
005 20180617194445.0
008 021126t20021993nyua j 000 1 spa d
020 _a0439437490 (pbk.)
020 _a9780439437493 (pbk.)
040 _aDUQ
_beng
_cDUQ
_dOCLCQ
_dYOL
041 1 _aspa
_heng
050 4 _aPZ73
_b.P4634 2002x
082 4 _a468
_221
092 _aSP E PEN
100 1 _aPenn, Audrey,
_d1947-
240 1 0 _aKissing hand.
_lSpanish.
245 1 3 _aUn beso en mi mano /
_cde Audrey Penn ; ilustraciones de Ruth E. Harper y Nancy M. Leak.
260 _aNew York :
_bScholastic,
_c2002, c1993.
300 _a1 volume (unpaged) :
_bcolor illustrations ;
_c26 cm.
336 _atext
_btxt
_2rdacontent.
337 _aunmediated
_bn
_2rdamedia.
338 _avolume
_bnc
_2rdacarrier.
500 _a"This edition is only available for distribution through the school market"--P. [4] of cover.
520 _aWhen Chester the raccoon is reluctant to go to kindergarten for the first time, his mother teaches him a secret way to carry her love with him.
526 0 _aAccelerated Reader AR
_bLG
_c2.7
_d0.5
_z30793.
650 0 _aSeparation anxiety
_vJuvenile fiction.
650 0 _aMothers and sons
_vJuvenile fiction.
650 0 _aProcyon
_vJuvenile fiction.
650 0 _aRaccoon
_vJuvenile fiction.
650 0 _aForest animals
_vJuvenile fiction.
650 0 _aKindergarten
_vJuvenile fiction.
650 0 _aSchools
_vJuvenile fiction.
650 0 _aSpanish language materials
_vJuvenile fiction.
700 1 _aHarper, Ruth E.
700 1 _aLeak, Nancy M.
730 0 _aKissing hand.
_lSpanish.
942 _cBK
999 _c18926
_d18926